Jetpunk quiz - Statistics

General Stats
  • This quiz has been taken 5 times
  • The average score is 3 of 6
Answer Stats
Question Answer % Correct
What is the highest level you can get 100
80%
When was Jetpunk created? (Year) 2006
80%
Who is the #1 jetpunk creator Quizmaster
80%
When was the last Jetpunk update (Month and day) - As of May 26, 2021 May 23
60%
Who created Jetpunk? Dan Hostetler
20%
What company owns Jetpunk? H Brothers Inc
20%
No matching quizzes found
Score Distribution
Percent of People with Each Score
Percentile by Number Answered
Your Score History
You have not taken this quiz